000
00244nam a2200109 a 4500
008
090929s1974|||| d
100
1
_a
Alexy,J.
245
1
0
_a
Ondrejko
260
_b
Mladé letá
_a
Bratislava
_c
1974
041
_a
slo
044
_a
xo
_c
SK
999
_c
219
_d
219